Zadlženosť ako imanentná črta súčasných ekonomík

Zadlženosť má mnoho foriem - zasahuje všetky časti ekonomiky i spoločnosti. Významná dimenzia zadlženosti - verejný dlh. Ďalšie formy zadlženosti: podniková zadlženosť, zadlženosť obyvateľstva. Vzájomné väzby medzi oblasťami zadlženosti.

Gespeichert in:
Bibliographische Detailangaben
1. Verfasser: Staněk, Peter
Format: Buchkapitel
Sprache:Slowakisch
Schlagworte:
Tags: Tag hinzufügen
Keine Tags, Fügen Sie das erste Tag hinzu!

MARC

LEADER 00000naa$a2200000$$$4500
001 0008606
005 20231102102452.7
041 0 |a slo 
044 |a SK 
245 1 0 |a Zadlženosť ako imanentná črta súčasných ekonomík  |c Peter Staněk 
520 |a Zadlženosť má mnoho foriem - zasahuje všetky časti ekonomiky i spoločnosti. Významná dimenzia zadlženosti - verejný dlh. Ďalšie formy zadlženosti: podniková zadlženosť, zadlženosť obyvateľstva. Vzájomné väzby medzi oblasťami zadlženosti. 
610 2 0 |a zadlženosť 
610 2 0 |a dlhy verejné 
610 2 0 |a zadlženosť vnútorná 
610 2 0 |a podnik 
610 2 0 |a insolventnosť 
610 2 0 |a obyvateľstvo 
100 1 |a Staněk, Peter